<?xml version="1.0" encoding="UTF-8"?>
<record
    xmlns:xsi="http://www.w3.org/2001/XMLSchema-instance"
    xsi:schemaLocation="http://www.loc.gov/MARC21/slim http://www.loc.gov/standards/marcxml/schema/MARC21slim.xsd"
    xmlns="http://www.loc.gov/MARC21/slim">

  <leader>00887nam a22001577a 4500</leader>
  <controlfield tag="008">110919t1999    xxu||||g |||| 000 0 ara d</controlfield>
  <datafield tag="082" ind1=" " ind2=" ">
    <subfield code="2">22</subfield>
    <subfield code="a">691.02</subfield>
    <subfield code="b">&#x635; &#x644;&#x627; &#x628; </subfield>
  </datafield>
  <datafield tag="100" ind1=" " ind2=" ">
    <subfield code="9">27256</subfield>
    <subfield code="a">&#x627;&#x644;&#x635;&#x644;&#x627;&#x628;&#x649;&#x60C;&#x639;&#x644;&#x649; &#x645;&#x62D;&#x645;&#x62F; &#x645;&#x62D;&#x645;&#x62F; </subfield>
  </datafield>
  <datafield tag="245" ind1=" " ind2=" ">
    <subfield code="a">&#x627;&#x644;&#x62D;&#x631;&#x643;&#x629; &#x627;&#x644;&#x633;&#x646;&#x648;&#x633;&#x64A;&#x629; &#x641;&#x649; &#x644;&#x64A;&#x628;&#x64A;&#x627; :</subfield>
    <subfield code="b">&#x627;&#x644;&#x625;&#x645;&#x627;&#x645; &#x645;&#x62D;&#x645;&#x62F; &#x628;&#x646; &#x639;&#x644;&#x649; &#x627;&#x644;&#x633;&#x646;&#x648;&#x633;&#x649; &#x648; &#x645;&#x646;&#x647;&#x62C;&#x629; &#x641;&#x649; &#x627;&#x644;&#x62A;&#x623;&#x633;&#x64A;&#x633;(&#x627;&#x644;&#x62A;&#x639;&#x644;&#x64A;&#x645;&#x649; &#x648; &#x627;&#x644;&#x62D;&#x631;&#x643;&#x649; &#x648; &#x627;&#x644;&#x62A;&#x631;&#x628;&#x648;&#x649; &#x648; &#x627;&#x644;&#x62F;&#x639;&#x648;&#x649; &#x648; &#x627;&#x644;&#x633;&#x64A;&#x627;&#x633;&#x649; )</subfield>
  </datafield>
  <datafield tag="260" ind1=" " ind2=" ">
    <subfield code="a">&#x639;&#x645;&#x627;&#x646;:</subfield>
    <subfield code="b">&#x62F;&#x627;&#x631; &#x627;&#x644;&#x628;&#x64A;&#x627;&#x631;&#x642;&#x60C;1999.</subfield>
    <subfield code="c">1999.</subfield>
  </datafield>
  <datafield tag="300" ind1=" " ind2=" ">
    <subfield code="a">&#x645;&#x62C;1&#x61B;</subfield>
    <subfield code="c">24&#x633;&#x645;.</subfield>
  </datafield>
  <datafield tag="490" ind1=" " ind2=" ">
    <subfield code="9">27257</subfield>
    <subfield code="a">&#x635;&#x641;&#x62D;&#x627;&#x62A; &#x645;&#x646; &#x627;&#x644;&#x62A;&#x627;&#x631;&#x64A;&#x62E; &#x627;&#x644;&#x627;&#x633;&#x644;&#x627;&#x645;&#x649; &#x641;&#x649; &#x627;&#x644;&#x634;&#x645;&#x627;&#x644; &#x627;&#x644;&#x623;&#x641;&#x631;&#x64A;&#x642;&#x649;&#x60C;</subfield>
    <subfield code="n">7</subfield>
  </datafield>
  <datafield tag="650" ind1=" " ind2=" ">
    <subfield code="9">27250</subfield>
    <subfield code="a">&#x644;&#x64A;&#x628;&#x64A;&#x627;</subfield>
    <subfield code="y">&#x62A;&#x627;&#x631;&#x64A;&#x62E;-&#x627;&#x644;&#x639;&#x635;&#x631; &#x627;&#x644;&#x62D;&#x62F;&#x64A;&#x62B;</subfield>
  </datafield>
  <datafield tag="942" ind1=" " ind2=" ">
    <subfield code="2">ddc</subfield>
    <subfield code="c">BB</subfield>
  </datafield>
  <datafield tag="999" ind1=" " ind2=" ">
    <subfield code="c">16054</subfield>
    <subfield code="d">16054</subfield>
  </datafield>
  <datafield tag="952" ind1=" " ind2=" ">
    <subfield code="0">0</subfield>
    <subfield code="1">0</subfield>
    <subfield code="2">ddc</subfield>
    <subfield code="4">0</subfield>
    <subfield code="7">0</subfield>
    <subfield code="8"> </subfield>
    <subfield code="a">MAIN</subfield>
    <subfield code="b">MAIN</subfield>
    <subfield code="c">1ST</subfield>
    <subfield code="d">2011-09-19</subfield>
    <subfield code="e">Purchase</subfield>
    <subfield code="o">691.02 &#x635; &#x644;&#x627; &#x628;</subfield>
    <subfield code="p">000024390</subfield>
    <subfield code="r">2025-07-15 00:00:00</subfield>
    <subfield code="y">BB</subfield>
  </datafield>
</record>
